npj Pain (Запис № 579943)
[ простий вигляд ]
| 000 -LEADER | |
|---|---|
| fixed length control field | 01772nas a22003735i 4500 |
| 001 - CONTROL NUMBER | |
| control field | 3091-5503 |
| 003 - CONTROL NUMBER IDENTIFIER | |
| control field | DE-He213 |
| 005 - DATE AND TIME OF LATEST TRANSACTION | |
| control field | 20260304140722.0 |
| 007 - PHYSICAL DESCRIPTION FIXED FIELD--GENERAL INFORMATION | |
| fixed length control field | cr nn 008mamaa |
| 008 - FIXED-LENGTH DATA ELEMENTS--GENERAL INFORMATION | |
| fixed length control field | 251015s||||||||xxkuu poo|||||| b|EN |d |
| 022 ## - INTERNATIONAL STANDARD SERIAL NUMBER | |
| International Standard Serial Number | 3091-5503 |
| 024 7# - OTHER STANDARD IDENTIFIER | |
| Standard number or code | 44554 |
| Source of number or code | local |
| 210 10 - ABBREVIATED TITLE | |
| Abbreviated title | npj Pain |
| 245 10 - TITLE STATEMENT | |
| Title | npj Pain |
| Medium | [electronic resource] / |
| Statement of responsibility, etc | edited by Alexandra Willis. |
| 264 #1 - | |
| -- | London : |
| -- | Nature Publishing Group UK : |
| -- | Imprint: Nature Portfolio. |
| 300 ## - PHYSICAL DESCRIPTION | |
| Other physical details | online resource. |
| 520 ## - SUMMARY, ETC. | |
| Summary, etc | npj Pain considers basic science, as well as translational and clinical research in the field of pain. We are interested in the mechanisms, assessment, and treatment of pain across all populations and conditions. Topics may include but are not limited to: Pain Mechanisms: Molecular, cellular, or circuit-level processes important for pain, and their alteration in chronic pain conditions Assessment: Pain measurement in clinical and preclinical contexts, biomarkers, and impact on quality of life. Therapies: Pharmacological, psychological, and other approaches including neuromodulation Other: Epidemiology, ethics, education, and policy linked to pain . |
| 650 #0 - SUBJECT ADDED ENTRY--TOPICAL TERM | |
| Topical term or geographic name as entry element | Medicine. |
| 650 #0 - SUBJECT ADDED ENTRY--TOPICAL TERM | |
| Topical term or geographic name as entry element | Pain medicine. |
| 650 #0 - SUBJECT ADDED ENTRY--TOPICAL TERM | |
| Topical term or geographic name as entry element | Pharmacy. |
| 650 #0 - SUBJECT ADDED ENTRY--TOPICAL TERM | |
| Topical term or geographic name as entry element | Quality of life. |
| 650 #0 - SUBJECT ADDED ENTRY--TOPICAL TERM | |
| Topical term or geographic name as entry element | Palliative treatment. |
| 650 #0 - SUBJECT ADDED ENTRY--TOPICAL TERM | |
| Topical term or geographic name as entry element | Anesthesiology. |
| 650 14 - SUBJECT ADDED ENTRY--TOPICAL TERM | |
| Topical term or geographic name as entry element | Clinical Medicine. |
| 650 24 - SUBJECT ADDED ENTRY--TOPICAL TERM | |
| Topical term or geographic name as entry element | Pain Medicine. |
| 650 24 - SUBJECT ADDED ENTRY--TOPICAL TERM | |
| Topical term or geographic name as entry element | Pharmacy. |
| 650 24 - SUBJECT ADDED ENTRY--TOPICAL TERM | |
| Topical term or geographic name as entry element | Quality of Life Research. |
| 650 24 - SUBJECT ADDED ENTRY--TOPICAL TERM | |
| Topical term or geographic name as entry element | Palliative Care. |
| 650 24 - SUBJECT ADDED ENTRY--TOPICAL TERM | |
| Topical term or geographic name as entry element | Anesthesiology. |
| 700 1# - ADDED ENTRY--PERSONAL NAME | |
| Personal name | Willis, Alexandra. |
| Relator term | editor. |
| Relator code | edt |
| -- | http://id.loc.gov/vocabulary/relators/edt |
| 9 (RLIN) | 21436 |
| 710 2# - ADDED ENTRY--CORPORATE NAME | |
| Corporate name or jurisdiction name as entry element | SpringerLink (Online service) |
| 856 40 - ELECTRONIC LOCATION AND ACCESS | |
| Uniform Resource Identifier | <a href="https://www.nature.com/npjpain">https://www.nature.com/npjpain</a> |
| Public note | Open Access |
Немає доступних примірників.